[Event "Prague int. op"]
[Site "Prague CZE"]
[Date "2024.03.07"]
[Round "9.14"]
[White "Quintiliano Pinto, Renato Rodrigues"]
[Black "Ivanov, Mike"]
[Result "1/2-1/2"]
[WhiteElo "2493"]
[BlackElo "2356"]
[WhiteFideId "-1"]
[WhiteFideId "-1"]
[PlyCount "171"]
[GameId "2129404699873908"]
[EventDate "2024.02.28"]
[EventType "swiss"]
[EventRounds "9"]
[EventCountry "CZE"]
[SourceTitle "10 Days #752"]
[Source "ChessMix"]
[SourceDate "2024.03.10"]
[SourceVersion "1"]
[SourceVersionDate "2024.03.10"]
[SourceQuality "1"]
[TimeControl "40/5400+30:1800+30"]

1. d4 {[%emt 0:00:03]} Nf6 {[%emt 0:08:18]} 2. c4 {[%emt 0:00:19]} Nc6 {[%emt 0:00:11]} 3. Nf3 {[%emt 0:01:32]} e6 {[%emt 0:00:22]} 4. g3 {[%emt 0:02:25]} d5 {[%emt 0:01:05]} 5. Bg2 {[%emt 0:00:37]} dxc4 {[%emt 0:02:12]} 6. O-O {[%emt 0:00:23]} Rb8 {[%emt 0:01:02]} 7. Nc3 {[%emt 0:00:34]} b5 {[%emt 0:16:25]} 8. Ne5 {[%emt 0:00:18]} Nxe5 {[%emt 0:11:52]} 9. dxe5 {[%emt 0:00:06]} Nd7 {[%emt 0:05:09]} 10. Qc2 {[%emt 0:00:08]} Bb7 {[%emt 0:07:54]} 11. Bxb7 {[%emt 0:01:41]} Rxb7 {[%emt 0:00:01]} 12. Rd1 {[%emt 0:02:28]} Qc8 {[%emt 0:09:51]} 13. a4 {[%emt 0:28:12]} b4 {[%emt 0:03:01]} 14. Ne4 {[%emt 0:00:17]} Be7 {[%emt 0:00:05]} 15. Bf4 {[%emt 0:02:12]} O-O {[%emt 0:04:47]} 16. Qxc4 {[%emt 0:05:44]} c5 {[%emt 0:00:30]} 17. a5 {[%emt 0:08:41]} Qc6 {[%emt 0:00:29]} 18. Nd6 {[%emt 0:11:01]} Rbb8 {[%emt 0:00:55]} 19. b3 {[%emt 0:20:59]} Rfd8 {[%emt 0:06:13]} 20. Ne4 {[%emt 0:00:43]} Nf8 {[%emt 0:01:55]} 21. Bg5 {[%emt 0:03:06]} Bxg5 {[%emt 0:01:39]} 22. Nxg5 {[%emt 0:00:06]} Rd5 {[%emt 0:04:08]} 23. Rac1 {[%emt 0:02:10]} h6 {[%emt 0:05:49]} 24. Ne4 {[%emt 0:02:35]} Rxe5 {[%emt 0:01:52]} 25. Nxc5 {[%emt 0:00:10]} Rc8 {[%emt 0:01:32]} 26. Nd3 {[%emt 0:00:16]} Qxc4 {[%emt 0:00:22]} 27. Rxc4 {[%emt 0:00:05]} Rxc4 {[%emt 0:00:18]} 28. Nxe5 {[%emt 0:00:04]} Rc5 {[%emt 0:00:29]} 29. Nc4 {[%emt 0:00:18]} Rc8 {[%emt 0:02:13]} 30. Rd4 {[%emt 0:01:29]} f6 {[%emt 0:00:48]} 31. f4 {[%emt 0:00:17]} Rb8 {[%emt 0:01:19]} 32. Rd6 {[%emt 0:00:33]} Rc8 {[%emt 0:00:59]} 33. Kf2 {[%emt 0:01:18]} Rc7 {[%emt 0:01:53]} 34. Rd8 {[%emt 0:00:34]} Kf7 {[%emt 0:00:32]} 35. Rb8 {[%emt 0:00:46]} Nd7 {[%emt 0:00:08]} 36. Rxb4 {[%emt 0:00:07]} Nc5 {[%emt 0:00:12]} 37. Rb8 {[%emt 0:01:35]} Ke7 {[%emt 0:00:54]} 38. Nd2 {[%emt 0:00:56]} Nd7 {[%emt 0:00:25]} 39. Rb4 {[%emt 0:01:23]} f5 {[%emt 0:01:24]} 40. Nc4 {[%emt 0:02:19]} Nf6 {[%emt 0:00:12]} 41. Kf3 {[%emt 0:30:24]} g5 {[%emt 0:02:01]} 42. Rb8 {[%emt 0:00:00]} Nd5 {[%emt 0:06:37]} 43. Rh8 {[%emt 0:00:00]} g4+ {[%emt 0:02:27]} 44. Kg2 {[%emt 0:00:00]} Nf6 {[%emt 0:00:02]} 45. Rxh6 {[%emt 0:00:00]} Rb7 {[%emt 0:02:09]} 46. Rg6 {[%emt 0:00:00]} Ne8 {[%emt 0:01:22]} 47. Rh6 {[%emt 0:00:50]} Nf6 {[%emt 0:00:07]} 48. Rh8 {[%emt 0:01:25]} Rxb3 {[%emt 0:00:18]} 49. Ra8 {[%emt 0:01:27]} Rb7 {[%emt 0:00:19]} 50. Ne5 {[%emt 0:00:53]} Kd6 {[%emt 0:01:10]} 51. Rd8+ {[%emt 0:01:12]} Kc5 {[%emt 0:04:19]} 52. Rc8+ {[%emt 0:00:36]} Kb5 {[%emt 0:02:40]} 53. Rc6 {[%emt 0:00:06]} Re7 {[%emt 0:00:57]} 54. Rc1 {[%emt 0:00:32]} Re8 {[%emt 0:02:51]} 55. Rc7 {[%emt 0:00:56]} a6 {[%emt 0:01:36]} 56. Rb7+ {[%emt 0:00:27]} Kxa5 {[%emt 0:00:49]} 57. Nc6+ {[%emt 0:00:27]} Ka4 {[%emt 0:00:07]} 58. Rb4+ {[%emt 0:00:11]} Ka3 {[%emt 0:00:01]} 59. Rb6 {[%emt 0:00:08]} Ra8 {[%emt 0:03:41]} 60. Na5 {[%emt 0:00:28]} Nd5 {[%emt 0:04:49]} 61. Rxe6 {[%emt 0:00:07]} Kb4 {[%emt 0:00:25]} 62. Re5 {[%emt 0:00:52]} Kxa5 {[%emt 0:00:28]} 63. Rxd5+ {[%emt 0:00:07]} Kb4 {[%emt 0:00:07]} 64. Rxf5 {[%emt 0:00:06]} a5 {[%emt 0:00:11]} 65. Rf7 {[%emt 0:00:35]} a4 {[%emt 0:00:27]} 66. Rb7+ {[%emt 0:00:06]} Kc3 {[%emt 0:00:06]} 67. Rb1 {[%emt 0:00:12]} a3 {[%emt 0:03:54]} 68. h3 {[%emt 0:00:07]} Re8 {[%emt 0:00:30]} 69. hxg4 {[%emt 0:00:16]} Rxe2+ {[%emt 0:00:08]} 70. Kf3 {[%emt 0:00:03]} Rb2 {[%emt 0:00:42]} 71. Ra1 {[%emt 0:00:03]} Rb3 {[%emt 0:00:07]} 72. Ke4 {[%emt 0:00:15]} Kb2 {[%emt 0:00:35]} 73. Rxa3 {[%emt 0:00:08]} Kxa3 {[%emt 0:00:21]} 74. f5 {[%emt 0:02:00]} Rxg3 {[%emt 0:00:09]} 75. Kf4 {[%emt 0:00:02]} Rg1 {[%emt 0:00:11]} 76. f6 {[%emt 0:00:05]} Kb4 {[%emt 0:00:17]} 77. Ke5 {[%emt 0:00:12]} Re1+ {[%emt 0:01:09]} 78. Kf5 {[%emt 0:00:10]} Rf1+ {[%emt 0:00:08]} 79. Ke6 {[%emt 0:02:35]} Re1+ {[%emt 0:00:13]} 80. Kd6 {[%emt 0:00:11]} Rd1+ {[%emt 0:00:13]} 81. Ke7 {[%emt 0:00:10]} Re1+ {[%emt 0:00:15]} 82. Kf8 {[%emt 0:02:22]} Rg1 {[%emt 0:00:21]} 83. f7 {[%emt 0:00:03]} Rxg4 {[%emt 0:00:04]} 84. Ke7 {[%emt 0:00:02]} Rf4 {[%emt 0:00:07]} 85. f8=Q {[%emt 0:00:04]} Rxf8 {[%emt 0:00:07]} 86. Kxf8 {[%emt 0:00:02]} 1/2-1/2

[Event "Marianske Lazne IM-B"]
[Site "Marianske Lazne CZE"]
[Date "2024.01.14"]
[Round "2.4"]
[White "Ivanov, Mike"]
[Black "Lim, Zhuo Ren"]
[Result "1/2-1/2"]
[WhiteElo "2356"]
[BlackElo "2218"]
[WhiteFideId "-1"]
[WhiteFideId "-1"]
[PlyCount "146"]
[GameId "2130307548662606"]
[EventDate "2024.01.13"]
[EventType "tourn"]
[EventRounds "9"]
[EventCountry "CZE"]
[EventCategory "1"]
[SourceTitle "10 Days #748"]
[Source "ChessMix "]
[SourceDate "2024.02.01"]
[SourceVersion "1"]
[SourceVersionDate "2024.02.01"]
[SourceQuality "1"]

1. e4 c5 2. Nf3 d6 3. d4 cxd4 4. Qxd4 Nc6 5. Bb5 Bd7 6. Qe3 Qa5+ 7. Nc3 Nf6 8. O-O e6 9. Qg5 h6 10. Qg3 a6 11. Bxc6 Bxc6 12. e5 Nh5 13. Qg4 g6 14. Re1 d5 15. Nd4 Ng7 16. Be3 h5 17. Qh4 Nf5 18. Nxf5 gxf5 19. Ne2 Qb4 20. Bd4 Bb5 21. c3 Qe7 22. Qh3 Qg5 23. Be3 Qg4 24. Nf4 Be7 25. Rad1 Rc8 26. Rd4 Rc4 27. Rxc4 Bxc4 28. b3 Bb5 29. f3 Qxh3 30. Nxh3 h4 31. Nf4 Rg8 32. Kf2 Kd7 33. Rd1 Bg5 34. Nxd5 exd5 35. Bxg5 Rxg5 36. c4 Bxc4 37. bxc4 f4 38. Rxd5+ Ke6 39. Rd6+ Kxe5 40. Rh6 Rg6 41. Rxh4 Rc6 42. Rh5+ f5 43. g4 fxg3+ 44. hxg3 Rxc4 45. g4 Rc2+ 46. Kg3 Rxa2 47. Rxf5+ Ke6 48. Rf8 a5 49. g5 Ra1 50. Rf6+ Ke5 51. f4+ Ke4 52. Re6+ Kf5 53. Rf6+ Ke4 54. Re6+ Kf5 55. Re5+ Kg6 56. Rb5 a4 57. Rxb7 a3 58. Rb6+ Kf5 59. Rb5+ Kg6 60. Ra5 a2 61. Kg2 Kh5 62. Ra6 Kg4 63. g6 Rb1 64. Rxa2 Rb7 65. Ra4 Rg7 66. Kf2 Rxg6 67. Ke3 Kf5 68. Ra5+ Kf6 69. Ke4 Kf7 70. Ra7+ Kf8 71. Ke5 Rb6 72. f5 Rc6 73. f6 Rc1 1/2-1/2

[Event "Marianske Lazne IM-B"]
[Site "Marianske Lazne CZE"]
[Date "2024.01.15"]
[Round "3.3"]
[White "Plischki, Sebastian"]
[Black "Ivanov, Mike"]
[Result "0-1"]
[WhiteElo "2345"]
[BlackElo "2356"]
[WhiteFideId "-1"]
[WhiteFideId "-1"]
[PlyCount "92"]
[GameId "2130307548662610"]
[EventDate "2024.01.13"]
[EventType "tourn"]
[EventRounds "9"]
[EventCountry "CZE"]
[EventCategory "1"]
[SourceTitle "10 Days #748"]
[Source "ChessMix "]
[SourceDate "2024.02.01"]
[SourceVersion "1"]
[SourceVersionDate "2024.02.01"]
[SourceQuality "1"]

1. d4 Nf6 2. c4 g6 3. g3 Bg7 4. Bg2 O-O 5. Nc3 d6 6. Nf3 Nbd7 7. O-O e5 8. e4 a6 9. Qc2 exd4 10. Nxd4 c5 11. Nf3 b5 12. Bf4 b4 13. Nd5 Nxd5 14. cxd5 Nb6 15. h3 Re8 16. Rfe1 a5 17. Rad1 Bb7 18. g4 Qf6 19. Bc1 Nd7 20. g5 Qe7 21. Bf4 a4 22. Qc1 Rac8 23. b3 Ba6 24. Bf1 Bxf1 25. Kxf1 axb3 26. axb3 Ra8 27. Kg2 Ra3 28. Qc4 Ne5 29. Bxe5 Bxe5 30. Re2 f6 31. gxf6 Qxf6 32. Rd3 Rf8 33. Qc1 Kg7 34. Qd2 h6 35. Nxe5 Qxe5 36. Rg3 Rf4 37. Qd3 h5 38. Ree3 Ra2 39. Rgf3 g5 40. Rxf4 gxf4 41. Re1 c4 42. bxc4 Ra3 43. Qd2 Qg5+ 44. Kh2 Qh4 45. Rg1+ Kh7 46. f3 Rxf3 0-1

[Event "Marianske Lazne IM-B"]
[Site "Marianske Lazne CZE"]
[Date "2024.01.17"]
[Round "6.2"]
[White "Ivanov, Mike"]
[Black "Balinski, Damian"]
[Result "1-0"]
[WhiteElo "2356"]
[BlackElo "2226"]
[WhiteFideId "-1"]
[WhiteFideId "-1"]
[PlyCount "81"]
[GameId "2130307548662624"]
[EventDate "2024.01.13"]
[EventType "tourn"]
[EventRounds "9"]
[EventCountry "CZE"]
[EventCategory "1"]
[SourceTitle "10 Days #748"]
[Source "ChessMix "]
[SourceDate "2024.02.01"]
[SourceVersion "1"]
[SourceVersionDate "2024.02.01"]
[SourceQuality "1"]

1. Nf3 d5 2. g3 Nf6 3. Bg2 Bf5 4. O-O e6 5. c4 c6 6. d3 h6 7. cxd5 exd5 8. Nc3 d4 9. Nb1 Bc5 10. b4 Bxb4 11. Qb3 a5 12. a3 Be6 13. Qb2 Bc5 14. Qxb7 Ra7 15. Qb2 O-O 16. Bf4 Ra6 17. Nbd2 Nd5 18. Be5 Nc3 19. Ne4 Rb6 20. Qc2 Nxe4 21. dxe4 Na6 22. Qd3 Qc8 23. Bxd4 Rd8 24. e3 Rb3 25. Qc2 Bxa3 26. Rxa3 Rxa3 27. Bxg7 Qb7 28. Bf6 Rdd3 29. Ne5 Rac3 30. Qe2 Nb4 31. Qh5 Kh7 32. g4 Qc8 33. g5 Qf8 34. g6+ Kg8 35. g7 Qxg7 36. Bxg7 Kxg7 37. Bh3 Kf6 38. Qh4+ Kg7 39. Bxe6 fxe6 40. Qe7+ Kh8 41. Qf8+ 1-0

[Event "Marianske Lazne IM-B"]
[Site "Marianske Lazne CZE"]
[Date "2024.01.18"]
[Round "7.5"]
[White "Pisk, Petr"]
[Black "Ivanov, Mike"]
[Result "0-1"]
[WhiteElo "2295"]
[BlackElo "2356"]
[WhiteFideId "-1"]
[WhiteFideId "-1"]
[PlyCount "112"]
[GameId "2130307548662632"]
[EventDate "2024.01.13"]
[EventType "tourn"]
[EventRounds "9"]
[EventCountry "CZE"]
[EventCategory "1"]
[SourceTitle "10 Days #748"]
[Source "ChessMix "]
[SourceDate "2024.02.01"]
[SourceVersion "1"]
[SourceVersionDate "2024.02.01"]
[SourceQuality "1"]

1. d4 c5 2. c3 e6 3. Nf3 Nc6 4. g3 Nf6 5. Bg2 b6 6. Ne5 Bb7 7. Nxc6 Bxc6 8. Bxc6 dxc6 9. dxc5 Qxd1+ 10. Kxd1 Ng4 11. Ke1 Bxc5 12. e3 h5 13. h3 Ne5 14. Ke2 O-O-O 15. Nd2 Rd7 16. Nb3 Be7 17. e4 c5 18. f4 Nd3 19. Rb1 f5 20. Be3 h4 21. g4 fxe4 22. Nd2 Rf8 23. Rhf1 Bd6 24. f5 exf5 25. Rxf5 Re8 26. a4 Bg3 27. Nc4 Kb7 28. Rbf1 Ne5 29. Nxe5 Rxe5 30. Rxe5 Bxe5 31. Rf8 Kc6 32. Rh8 Bg3 33. Bg5 Kd5 34. Bxh4 Bf4 35. b3 Kc6 36. Be1 Rd3 37. Re8 Re3+ 38. Kd1 Rxh3 39. Rxe4 g5 40. Re6+ Kd5 41. Re7 a5 42. Rb7 Kc6 43. Rg7 Rh2 44. Rg6+ Kb7 45. b4 Ra2 46. Rg7+ Kc6 47. Rg6+ Kd5 48. Rxb6 Ke4 49. Rb7 Kf3 50. Re7 c4 51. bxa5 Rxa4 52. Kc2 Rxa5 53. Kb2 Rb5+ 54. Kc2 Re5 55. Rxe5 Bxe5 56. Kb2 Ke2 0-1

[Event "Rilton Cup 2023-24"]
[Site "Stockholm SWE"]
[Date "2023.12.27"]
[Round "1.41"]
[White "Chinguun, Bayaraa"]
[Black "Ivanov, Mike"]
[Result "1/2-1/2"]
[WhiteElo "2177"]
[BlackElo "2356"]
[WhiteFideId "-1"]
[WhiteFideId "-1"]
[PlyCount "89"]
[GameId "2130307549500820"]
[EventDate "2023.12.27"]
[EventType "swiss"]
[EventRounds "9"]
[EventCountry "SWE"]
[SourceTitle "10 Days #746"]
[Source "ChessMix"]
[SourceDate "2024.01.10"]
[SourceVersion "1"]
[SourceVersionDate "2024.01.10"]
[SourceQuality "1"]

1. Nf3 Nf6 2. e3 b6 3. c4 Bb7 4. b3 g6 5. Bb2 Bg7 6. d4 O-O 7. Be2 d6 8. O-O Nbd7 9. Nbd2 e6 10. Qc2 Qe7 11. Rad1 a5 12. a3 e5 13. d5 Nh5 14. b4 f5 15. Ne1 Ndf6 16. f3 Bh6 17. Qc3 c5 18. bxc5 bxc5 19. g4 Ng7 20. Ng2 Bc8 21. h3 Bd7 22. Rde1 a4 23. f4 fxg4 24. fxe5 dxe5 25. Qxe5 Qxe5 26. Bxe5 gxh3 27. Rxf6 Rxf6 28. Bxf6 hxg2 29. Bd3 Re8 30. Ne4 Bf5 31. Bxg7 Kxg7 32. Nd6 Rxe3 33. Nxf5+ gxf5 34. Rxe3 Bxe3+ 35. Kxg2 Kf6 36. d6 Bc1 37. d7 Ke7 38. Bxf5 h6 39. Bc2 Kxd7 40. Bxa4+ Kd6 41. Kf3 Ke5 42. Kg4 Kd4 43. Bb5 Bxa3 44. Kh5 Bc1 45. Ba6 1/2-1/2

[Event "Rilton Cup 2023-24"]
[Site "Stockholm SWE"]
[Date "2023.12.28"]
[Round "2.37"]
[White "Ivanov, Mike"]
[Black "Shah, Vishwa"]
[Result "1-0"]
[WhiteElo "2356"]
[BlackElo "2186"]
[WhiteFideId "-1"]
[WhiteFideId "-1"]
[PlyCount "85"]
[GameId "2130307549504977"]
[EventDate "2023.12.27"]
[EventType "swiss"]
[EventRounds "9"]
[EventCountry "SWE"]
[SourceTitle "10 Days #746"]
[Source "ChessMix"]
[SourceDate "2024.01.10"]
[SourceVersion "1"]
[SourceVersionDate "2024.01.10"]
[SourceQuality "1"]

1. Nf3 c5 2. e4 d6 3. d4 cxd4 4. Qxd4 Nc6 5. Qe3 g6 6. h3 Bg7 7. Be2 Nf6 8. O-O O-O 9. Rd1 Be6 10. c4 Qb6 11. Nc3 Qxe3 12. Bxe3 Nd7 13. Nd5 Rac8 14. Rab1 Rfe8 15. Ng5 b6 16. Nf4 Nf8 17. Nfxe6 fxe6 18. b4 h6 19. Nf3 e5 20. c5 bxc5 21. bxc5 Nd4 22. Bxd4 exd4 23. c6 Red8 24. Rbc1 d3 25. Bxd3 Kh8 26. Ba6 Rc7 27. e5 Ne6 28. Bc4 Nc5 29. exd6 exd6 30. Bd5 Na4 31. Nd4 Bxd4 32. Rxd4 Nb6 33. Be4 Kg7 34. a4 Nc8 35. Rb1 Re8 36. Rb7 Ree7 37. Rdb4 Kf6 38. Rxc7 Rxc7 39. Rb7 Re7 40. f3 Re5 41. Rd7 Re7 42. Rd8 Rc7 43. Rd7 1-0

[Event "Rilton Cup 2023-24"]
[Site "Stockholm SWE"]
[Date "2023.12.29"]
[Round "3.24"]
[White "Borgaonkar, Akshay"]
[Black "Ivanov, Mike"]
[Result "1-0"]
[WhiteElo "2206"]
[BlackElo "2356"]
[WhiteFideId "-1"]
[WhiteFideId "-1"]
[PlyCount "113"]
[GameId "2130307549505029"]
[EventDate "2023.12.27"]
[EventType "swiss"]
[EventRounds "9"]
[EventCountry "SWE"]
[SourceTitle "10 Days #746"]
[Source "ChessMix"]
[SourceDate "2024.01.10"]
[SourceVersion "1"]
[SourceVersionDate "2024.01.10"]
[SourceQuality "1"]

1. e4 e6 2. d4 d5 3. Nc3 Nf6 4. Bg5 h6 5. Bxf6 Qxf6 6. a3 c6 7. Nf3 Nd7 8. Bd3 Qd8 9. exd5 exd5 10. O-O Be7 11. Re1 O-O 12. Ne2 Bd6 13. Ng3 Nf6 14. c3 Bxg3 15. hxg3 Bg4 16. Qd2 Bxf3 17. gxf3 Qd6 18. Re5 Nd7 19. Re2 Rfe8 20. Rae1 Kf8 21. Kg2 b5 22. Bc2 a5 23. Rxe8+ Rxe8 24. Rxe8+ Kxe8 25. a4 b4 26. Qe2+ Kf8 27. Qa6 bxc3 28. Qxa5 Ke7 29. Qxc3 c5 30. Bf5 c4 31. Qa5 g6 32. Bxd7 Kxd7 33. Qb5+ Qc6 34. Qb4 Kc7 35. a5 Qb7 36. Qa3 Kb8 37. a6 Qc7 38. Qb4+ Ka7 39. Qb5 h5 40. Kg1 h4 41. gxh4 f6 42. Qxd5 Kxa6 43. Qe6+ Kb5 44. Qxf6 Kb4 45. d5 Qc5 46. Qc3+ Kb5 47. b3 cxb3 48. Qxb3+ Ka5 49. Qd3 Qd6 50. Qe4 Qf6 51. Kg2 Kb5 52. Kg3 Qa1 53. Kg2 Qf6 54. Qe8+ Kb4 55. Qe6 Qd8 56. Qxg6 Kc5 57. h5 1-0

[Event "Rilton Cup 2023-24"]
[Site "Stockholm SWE"]
[Date "2023.12.30"]
[Round "4.34"]
[White "Ivanov, Mike"]
[Black "Krzywda, Andrzej"]
[Result "1-0"]
[WhiteElo "2356"]
[BlackElo "2234"]
[WhiteFideId "-1"]
[WhiteFideId "-1"]
[PlyCount "63"]
[GameId "2130307549509200"]
[EventDate "2023.12.27"]
[EventType "swiss"]
[EventRounds "9"]
[EventCountry "SWE"]
[SourceTitle "10 Days #746"]
[Source "ChessMix"]
[SourceDate "2024.01.10"]
[SourceVersion "1"]
[SourceVersionDate "2024.01.10"]
[SourceQuality "1"]

1. Nf3 d5 2. g3 c5 3. Bg2 Nc6 4. d4 Nf6 5. O-O e6 6. c4 dxc4 7. Ne5 Bd7 8. Nxc4 cxd4 9. Bf4 Be7 10. Nd6+ Kf8 11. Nxb7 Qb6 12. Nd6 Rd8 13. Nc4 Qa6 14. Nbd2 Ne8 15. Rc1 f6 16. g4 Rc8 17. Bg3 h5 18. gxh5 Nd8 19. b3 Bc6 20. Nf3 Rxh5 21. Qxd4 Qxa2 22. Qg4 Bxf3 23. Qxf3 Rb5 24. Rc3 a5 25. Qd3 a4 26. Qd7 Rbc5 27. Bd6 Nxd6 28. Nxd6 Nf7 29. Rxc5 Nxd6 30. Rxc8+ Kf7 31. Rc7 Nf5 32. e4 1-0

[Event "Rilton Cup 2023-24"]
[Site "Stockholm SWE"]
[Date "2023.12.31"]
[Round "5.26"]
[White "Lim, Zhuo Ren"]
[Black "Ivanov, Mike"]
[Result "1/2-1/2"]
[WhiteElo "2225"]
[BlackElo "2356"]
[WhiteFideId "-1"]
[WhiteFideId "-1"]
[PlyCount "49"]
[GameId "2130307549513352"]
[EventDate "2023.12.27"]
[EventType "swiss"]
[EventRounds "9"]
[EventCountry "SWE"]
[SourceTitle "10 Days #746"]
[Source "ChessMix"]
[SourceDate "2024.01.10"]
[SourceVersion "1"]
[SourceVersionDate "2024.01.10"]
[SourceQuality "1"]

1. Nf3 g6 2. c4 Bg7 3. Nc3 c5 4. g3 Nc6 5. Bg2 e5 6. a3 Nge7 7. O-O d6 8. b4 O-O 9. Rb1 Rb8 10. d3 b6 11. Bg5 h6 12. Bxe7 Nxe7 13. Nd2 e4 14. Qc2 exd3 15. Qxd3 Bf5 16. Be4 Bh3 17. Rfd1 Qd7 18. b5 Rbd8 19. Rbc1 Qe6 20. Nd5 Nxd5 21. Bxd5 Qf5 22. Be4 Qe6 23. Bd5 Qf5 24. Be4 Qe6 25. Bd5 1/2-1/2

[Event "Rilton Cup 2023-24"]
[Site "Stockholm SWE"]
[Date "2024.01.02"]
[Round "6.24"]
[White "Ivanov, Mike"]
[Black "Arpita, Mukherjee"]
[Result "1-0"]
[WhiteElo "2356"]
[BlackElo "2160"]
[WhiteFideId "-1"]
[WhiteFideId "-1"]
[PlyCount "57"]
[GameId "2130307549513413"]
[EventDate "2023.12.27"]
[EventType "swiss"]
[EventRounds "9"]
[EventCountry "SWE"]
[SourceTitle "10 Days #746"]
[Source "ChessMix"]
[SourceDate "2024.01.10"]
[SourceVersion "1"]
[SourceVersionDate "2024.01.10"]
[SourceQuality "1"]

1. Nf3 Nf6 2. g3 c5 3. Bg2 d5 4. O-O Nc6 5. d4 cxd4 6. Nxd4 e5 7. Nxc6 bxc6 8. c4 h6 9. Nc3 e4 10. cxd5 cxd5 11. Bf4 Qd7 12. Be5 Bb7 13. Bxf6 gxf6 14. Qd4 Bg7 15. Rfd1 Rd8 16. Qxa7 f5 17. Qc5 Qc6 18. Qb4 Bf8 19. Qd4 f6 20. b4 Be7 21. Rac1 Qd7 22. e3 O-O 23. Bh3 Qe6 24. Ne2 Rf7 25. Nf4 Qd7 26. Qb6 Rc8 27. Bxf5 Qxf5 28. Qxb7 Rc4 29. Qxd5 1-0

[Event "Rilton Cup 2023-24"]
[Site "Stockholm SWE"]
[Date "2024.01.03"]
[Round "7.13"]
[White "Jarmula, Lukasz"]
[Black "Ivanov, Mike"]
[Result "1/2-1/2"]
[WhiteElo "2425"]
[BlackElo "2356"]
[WhiteFideId "-1"]
[WhiteFideId "-1"]
[PlyCount "134"]
[GameId "2130307549517561"]
[EventDate "2023.12.27"]
[EventType "swiss"]
[EventRounds "9"]
[EventCountry "SWE"]
[SourceTitle "10 Days #746"]
[Source "ChessMix"]
[SourceDate "2024.01.10"]
[SourceVersion "1"]
[SourceVersionDate "2024.01.10"]
[SourceQuality "1"]

1. e4 e6 2. d4 d5 3. Nc3 Bb4 4. exd5 exd5 5. Bd3 Nc6 6. a3 Bxc3+ 7. bxc3 Nf6 8. Ne2 O-O 9. O-O Na5 10. f3 Re8 11. Qe1 Nc4 12. g4 Nd7 13. Qf2 Nf8 14. Ng3 Qh4 15. Bxc4 dxc4 16. d5 Qd8 17. Qd4 Qd6 18. Nh5 Qg6 19. Bf4 c5 20. Qxc5 Bf5 21. Qxc4 Bxc2 22. Qd4 Qb6 23. Be3 Qxd4 24. Bxd4 f6 25. Rfe1 Nd7 26. Re6 Rxe6 27. dxe6 Nf8 28. Re1 Re8 29. Nf4 b6 30. c4 Bb3 31. e7 Nd7 32. Nd5 Kf7 33. Rc1 Rc8 34. Rc3 Bxc4 35. Ne3 Ba6 36. Rxc8 Bxc8 37. Nf5 Ba6 38. Nxg7 Kxe7 39. Kf2 Bd3 40. Nh5 Bc2 41. Ke3 Kf7 42. h4 a6 43. Ng3 b5 44. Kd2 Bb3 45. f4 Ke6 46. g5 a5 47. Bc3 b4 48. axb4 axb4 49. Bxb4 Nb6 50. f5+ Kf7 51. Kc3 Ba2 52. Kd4 Nd5 53. Bd6 Nb6 54. Bc7 Nd7 55. Bd8 Ne5 56. Ne4 Nc6+ 57. Ke3 Nxd8 58. Nxf6 h6 59. Ng4 hxg5 60. hxg5 Nc6 61. Kf4 Bb1 62. Nh6+ Kg7 63. f6+ Kg6 64. Ng4 Ba2 65. Ne5+ Nxe5 66. Kxe5 Kxg5 67. f7 Bxf7 1/2-1/2

[Event "Titled Tuesday 2023.09.19 Early"]
[Site "Chess.com INT"]
[Date "2023.09.19"]
[Round "1"]
[White "Ivanov, Mike"]
[Black "Tristan, Leonardo"]
[Result "0-1"]
[WhiteElo "2335"]
[BlackElo "2523"]
[WhiteFideId "-1"]
[WhiteFideId "-1"]
[PlyCount "102"]
[GameId "1961207440109568"]
[EventDate "2023.09.19"]
[EventType "swiss (blitz)"]
[EventRounds "11"]
[EventCountry "NET"]
[SourceTitle "EXT 2024"]
[Source "ChessBase"]
[SourceDate "2023.10.10"]
[SourceVersion "1"]
[SourceVersionDate "2023.10.10"]
[SourceQuality "1"]

1. e4 d5 2. Nc3 dxe4 3. Nxe4 Bf5 4. Ng3 Bg6 5. Nf3 Nd7 6. h4 h6 7. h5 Bh7 8. Bc4 e6 9. d3 Ngf6 10. Bd2 Bd6 11. Qe2 O-O 12. Ne4 Nxe4 13. dxe4 Ne5 14. O-O-O Nxc4 15. Qxc4 Qe7 16. Bc3 Bc5 17. Bd4 Bb6 18. Kb1 Rfd8 19. Bxb6 axb6 20. a3 Qc5 21. Qxc5 bxc5 22. Rxd8+ Rxd8 23. Re1 Kf8 24. Kc1 Ke7 25. Nd2 e5 26. g3 f6 27. f4 Bg8 28. Re3 Bf7 29. fxe5 fxe5 30. Nf3 Kf6 31. g4 Be6 32. Nh2 Kg5 33. Rf3 Rd7 34. c3 Rf7 35. Rxf7 Bxf7 36. Nf3+ Kf4 37. Nh4 Kxg4 38. Nf5 Kxh5 39. Nxg7+ Kg4 40. Nf5 Kf4 41. Nxh6 Be6 42. Nf5 Bxf5 43. exf5 Kxf5 44. Kd2 Kf4 45. Ke2 c4 46. a4 b6 47. Kf2 e4 48. Ke2 e3 49. Ke1 Kf3 50. Kf1 e2+ 51. Ke1 c6 0-1

[Event "Titled Tuesday 2023.09.19 Early"]
[Site "Chess.com INT"]
[Date "2023.09.19"]
[Round "2"]
[White "Yarullina, Alina"]
[Black "Ivanov, Mike"]
[Result "1-0"]
[WhiteElo "2084"]
[BlackElo "2335"]
[WhiteFideId "-1"]
[WhiteFideId "-1"]
[PlyCount "97"]
[GameId "1961207441522688"]
[EventDate "2023.09.19"]
[EventType "swiss (blitz)"]
[EventRounds "11"]
[EventCountry "NET"]
[SourceTitle "EXT 2024"]
[Source "ChessBase"]
[SourceDate "2023.10.10"]
[SourceVersion "1"]
[SourceVersionDate "2023.10.10"]
[SourceQuality "1"]

1. e4 e6 2. d4 d5 3. exd5 exd5 4. Nf3 Bg4 5. Bd3 Bd6 6. O-O Ne7 7. h3 Bh5 8. Re1 Nbc6 9. c3 Qd7 10. Nbd2 O-O-O 11. b4 Ng6 12. Qa4 Nf4 13. Bb5 a6 14. Bxc6 Qxc6 15. Qxc6 bxc6 16. Ne5 Rhe8 17. Ndf3 Bxe5 18. Nxe5 Ng6 19. Bd2 Nxe5 20. dxe5 d4 21. c4 d3 22. f4 Be2 23. Kf2 Rd4 24. Rac1 f6 25. exf6 gxf6 26. g3 f5 27. Rc3 h5 28. a4 Rde4 29. a5 Rh8 30. b5 cxb5 31. cxb5 axb5 32. Ra1 Kd7 33. a6 h4 34. a7 hxg3+ 35. Kxg3 Ra8 36. Rc5 b4 37. Rxf5 b3 38. Rb5 Bh5 39. Rxb3 Rd4 40. Rb8 Rxa7 41. Rxa7 Rc4 42. Ra2 Rc2 43. Rxc2 dxc2 44. Bc1 Bg6 45. h4 Bd3 46. h5 c5 47. h6 c4 48. Rb7+ Ke6 49. h7 1-0

[Event "Titled Tuesday 2023.09.19 Early"]
[Site "Chess.com INT"]
[Date "2023.09.19"]
[Round "3"]
[White "Ferrufino, Boris"]
[Black "Ivanov, Mike"]
[Result "0-1"]
[WhiteElo "1868"]
[BlackElo "2335"]
[WhiteFideId "-1"]
[WhiteFideId "-1"]
[PlyCount "58"]
[GameId "1961207442255872"]
[EventDate "2023.09.19"]
[EventType "swiss (blitz)"]
[EventRounds "11"]
[EventCountry "NET"]
[SourceTitle "EXT 2024"]
[Source "ChessBase"]
[SourceDate "2023.10.10"]
[SourceVersion "1"]
[SourceVersionDate "2023.10.10"]
[SourceQuality "1"]

1. e4 e6 2. d4 d5 3. Nc3 Bb4 4. Nge2 Nc6 5. a3 Ba5 6. b4 Bb6 7. Bb2 Nge7 8. Qd2 O-O 9. O-O-O Bd7 10. f4 a5 11. b5 Na7 12. a4 c6 13. bxc6 Naxc6 14. Nb5 Nb4 15. Nec3 dxe4 16. Nxe4 Rc8 17. c4 Bxb5 18. axb5 Nf5 19. Kb1 Bc7 20. g4 Nd6 21. Ng3 f5 22. gxf5 Nxf5 23. Nxf5 exf5 24. c5 b6 25. c6 Qd6 26. Bc4+ Kh8 27. Rhg1 Qxf4 28. d5 Qe4+ 29. Ka1 Be5 0-1